| 000 | 00576nam a22002177a 4500 | ||
|---|---|---|---|
| 001 | 00028788 | ||
| 005 | 20260415103614.0 | ||
| 008 | 260415b ag ||||| |||| 00| 0 spa d | ||
| 020 | _a9789504002857 | ||
| 040 |
_aAR-CcCEOS _bspa _cAR-CcCEOS |
||
| 041 | _aspa | ||
| 080 | _a820-3(73) | ||
| 090 | _bPOE | ||
| 100 | 1 |
_aPoe, Edgar Allan, _d1809-1849. _9150 |
|
| 245 |
_aCuentos 2 / _cEdgard Alla Poe |
||
| 250 | _a2a ed. | ||
| 260 |
_aBuenos Aires : _bAlianza, _c2014. |
||
| 300 |
_a576 p. ; _c18x12 cm. |
||
| 655 | 0 |
_aliteratura estadounidense _938 |
|
| 942 |
_2udc _cBK _n0 |
||
| 999 |
_c28823 _d28823 |
||